000
00274nam a22001217a 4500
008
180802b xxu||||| |||| 00| 0 eng d
082
_a
813.52
245
_a
College Oral Communication
_c
Chan,M.J
260
_c
2006
300
_a
4
440
_x
0618230378
942
_2
ddc
_c
MX
999
_c
46716
_d
46716